000 00856cam a22002773a 4500
001 18353
003 BD-RjUL
005 20211209000255.0
008 140220r19491938E a 000 0deng
035 _a(BD-RjUL)18411
040 _aDLC
_cDLC
_beng
_dBD-RjUL
041 _aeng
082 0 0 _a822.33
_bSHR 1949
100 1 _aShakespeare, William,
_956515
245 0 0 _a Richard II /
_c William Shakespeare, edited by John M. Lothain.
246 1 6 _aKing Richard II
260 _aOxford :
_bAt the clarendon press,
_c1938 [Reprinted 1949].
300 _a206 p. ;
_c18 cm.
650 0 _aDrama
_956516
655 7 _aTheater programs
_zOklahoma
_zOklahoma City.
_2rbgenr
_956525
655 7 _aTheater programs
_2rbgenr
_956526
700 1 _aLothain , John M. ,
_956519
942 _2ddc
_cBK
999 _c18353
_d18353